Aktívna politika trhu práce ako zložka flexiistoty

Aktívna politika trhu práce - politika zahŕňajúca opatrenia, ktoré majú uľahčiť opätovný návrat do zamestnania. Aktívna politika trhu práce vo vybraných krajinách Európskej únie: v Rakúsku, Francúzsku, Veľkej Británii a Španielsku.

Uložené v:
Podrobná bibliografia
Hlavný autor: Přívara, Andrej, 1983-
Médium: Kapitola
Jazyk:Slovak
Predmet:
Tagy: Pridať tag
Žiadne tagy, Buďte prvý, kto otaguje tento záznam!

MARC

LEADER 00000nla$a2200000$$$4500
001 0134485
005 20240502072517.3
041 0 |a slo 
044 |a SK 
245 1 0 |a Aktívna politika trhu práce ako zložka flexiistoty  |c Andrej Přívara 
520 |a Aktívna politika trhu práce - politika zahŕňajúca opatrenia, ktoré majú uľahčiť opätovný návrat do zamestnania. Aktívna politika trhu práce vo vybraných krajinách Európskej únie: v Rakúsku, Francúzsku, Veľkej Británii a Španielsku. 
610 2 0 |a trh práce 
610 2 0 |a zamestnanie 
610 2 0 |a zamestnanosť 
610 2 0 |a podpora štátna 
610 2 0 |a Rakúsko 
610 2 0 |a Francúzsko 
610 2 0 |a Veľká Británia 
610 2 0 |a Španielsko 
100 1 |a Přívara, Andrej, 1983-